Fr. Conceicao Rodrigues College of Engineering

Science of materials (Record no. 23098)

MARC details
000 -LEADER
fixed length control field 00321nam a2200145Ia 4500
082 ## - DEWEY DECIMAL CLASSIFICATION NUMBER
Classification number 620.112
Item number Gel/Rak
100 ## - MAIN ENTRY--PERSONAL NAME
Personal name Geller/ yu. A.
245 ## - TITLE STATEMENT
Title Science of materials
260 ## - PUBLICATION, DISTRIBUTION, ETC.
Name of publisher, distributor, etc. Mir Publishers
Place of publication, distribution, etc. Moscow
Date of publication, distribution, etc. 1977
300 ## - PHYSICAL DESCRIPTION
Extent 519
546 ## - LANGUAGE NOTE
Language note ENGLISH
654 ## - SUBJECT ADDED ENTRY--FACETED TOPICAL TERMS
Focus term Science of materials
942 ## - ADDED ENTRY ELEMENTS (KOHA)
Koha item type BOOK
Holdings
Withdrawn status Lost status Damaged status Not for loan Collection Home library Current library Shelving location Date acquired Total Checkouts Full call number Barcode Date last seen Price effective from Koha item type
        AFT Fr. Agnel's C.Rodrigues College of Engineering Fr. Agnel's C.Rodrigues College of Engineering   17/03/2023   620.112 Gel/Rak AFT2441 17/03/2023 17/03/2023 BOOK
        AFT Fr. Agnel's C.Rodrigues College of Engineering Fr. Agnel's C.Rodrigues College of Engineering   17/03/2023   620.112 Gel/Rak AFT2442 17/03/2023 17/03/2023 BOOK
        AFT Fr. Agnel's C.Rodrigues College of Engineering Fr. Agnel's C.Rodrigues College of Engineering   17/03/2023   620.112 Gel/Rak AFT2443 17/03/2023 17/03/2023 BOOK